Аналитическая химия: учебное пособие для бакалавров

Xehetasun bibliografikoak
Egile nagusia: Хаханина Т. И. Татьяна Ивановна
Beste egile batzuk: Никитина Н. Г. Нина Георгиевна
Gaia:В пособии изложены основные понятия аналитической химии, особенности качественного и количественного анализа (гравиметрических и титриметрических методов). Даны теоретические обоснования методов, приведены примеры расчетов. Наряду с описанием методик анализа, приводятся контрольные вопросы и задачи.Содержание учебника соответствует Федеральному государственному образовательному стандарту высшего профессионального образования третьего поколения и методическим требованиям, предъявляемым к учебным изданиям.
Hizkuntza:errusiera
Argitaratua: Москва, Юрайт, 2014
Edizioa:3-е изд., испр. и доп.
Saila:Бакалавр. Базовый курс
Gaiak:
Formatua: MixedMaterials Liburua
KOHA link:https://koha.lib.tpu.ru/cgi-bin/koha/opac-detail.pl?biblionumber=249806

MARC

LEADER 00000nam0a2200000 4500
001 249806
005 20231101232515.0
010 |a 9785969213661 
010 |a 978-5-9916-2035-2 
035 |a (RuTPU)RU\TPU\book\271915 
035 |a RU\TPU\book\152715 
035 |a RU\TPU\book\187680 
090 |a 249806 
100 |a 20080715d2014 m y0rusy50 ca 
101 0 |a rus 
102 |a RU 
105 |a a j 001zy 
200 1 |a Аналитическая химия  |e учебное пособие для бакалавров  |f Т. И. Хаханина, Н. Г. Никитина 
205 |a 3-е изд., испр. и доп. 
210 |a Москва  |c Юрайт  |d 2014 
215 |a 278 с.  |c ил. 
225 1 |a Бакалавр. Базовый курс 
320 |a Литература: с. 278. 
330 |a В пособии изложены основные понятия аналитической химии, особенности качественного и количественного анализа (гравиметрических и титриметрических методов). Даны теоретические обоснования методов, приведены примеры расчетов. Наряду с описанием методик анализа, приводятся контрольные вопросы и задачи.Содержание учебника соответствует Федеральному государственному образовательному стандарту высшего профессионального образования третьего поколения и методическим требованиям, предъявляемым к учебным изданиям. 
451 1 |0 (RuTPU)RU\TPU\book\152715  |y 978-5-9692-0282-5  |t Аналитическая химия  |o учебное пособие  |f Т. И. Хаханина, Н. Г. Никитина  |c М.  |n Высшее образование  |d 2009  |p 278 с.  |s Высшее образование. Основы наук  |a Хаханина, Татьяна Ивановна 
606 1 |a Аналитическая химия  |2 stltpush  |3 (RuTPU)RU\TPU\subj\67454  |9 83247 
610 1 |a учебные пособия 
610 1 |a химический анализ 
610 1 |a гомогенные системы 
610 1 |a химическое равновесие 
610 1 |a гетерогенные системы 
610 1 |a комплексные соединения 
610 1 |a окислительно-восстановительные реакции 
610 1 |a частные реакции 
610 1 |a катионы 
610 1 |a анионы 
610 1 |a количественный анализ 
610 1 |a гравиметрический анализ 
610 1 |a титриметрический анализ 
610 1 |a лабораторные работы 
675 |a 543(075.8)  |v 3 
700 1 |a Хаханина  |b Т. И.  |g Татьяна Ивановна 
701 1 |a Никитина  |b Н. Г.  |g Нина Георгиевна 
801 1 |a RU  |b 63413507  |c 20140207 
801 2 |a RU  |b 63413507  |c 20150520  |g RCR 
942 |c BK 
959 |a 23/20140207  |d 5  |e 259,00  |f ЧЗТЛ:1  |f АНЛ:1  |f УФ:3